000 00271nam a2200121Ia 4500
008 241002s9999 xx 000 0 und d
082 _a133 CHE
100 _aCheiro
245 0 _aCheirs Guide To The Hand
260 _aLondon:
_cN/A
600 _aPhilosophy
942 _cUC
999 _c18672
_d18672